=LDR 00000nam 2200000 4500 =001 NUTBA000000000000055 =005 20231212122311 =035 ##$$a 0010-031400000000054 =008 231212################g##########0#ind## =041 ##$$a Ind =082 ##$$a 153.15 =090 ##$$a 150, Sha p =100 #$$a Mulyati =245 1#$$a Psikologi belajar /$c Mulyati; Editor, Oktaviani hastu sudiarto =260 ##$$a Jakarta :$b Andi,$c 2005 =300 ##$$a Ix, 112 hlm ; $c 13,5 x 21 cm =650 #4$$a Psikologi belajar =850 ##$$a NBPNMAT =020 ##$$a 979-763-067-6 =084 ##$$a 153.15 MUL p =250 ##$$a Ed. 1 =504 ##$$a Bibliografi : hlm. 111 - 112 =990 ##$$a 0215/PN/2014 =990 ##$$a 5100006 =990 ##$$a 93500/BPAP-NTB/2014 =990 ##$$a 0253/BPAP-NTB/2015 =990 ##$$a 01201712916